| 000 | 00774nam a2200289 a 4500 | ||
|---|---|---|---|
| 003 | AR-BaBNM | ||
| 005 | 20251128205504.0 | ||
| 008 | 082120s2002 ||||||||||||||000 | spa|| | ||
| 020 | _a84-7884-119-9 | ||
| 040 | _cAR-BaBNM | ||
| 245 | 0 | 0 | _aCuentos medievales y renacentistas |
| 260 |
_aMadrid _bEditorial Popular _bUnesco _c1994 |
||
| 300 |
_a94 p. _bil. |
||
| 490 | 0 |
_aLetra grande _vv. 41 |
|
| 650 | 4 | _aLITERATURA MEDIEVAL | |
| 650 | 4 | _aLITERATURA ESPAÑOLA | |
| 650 | 4 | _aRENACIMIENTO | |
| 650 | 4 | _aANTOLOGIAS | |
| 650 | 4 | _aESCRITORES | |
| 650 | 4 | _aTRADICION ORAL | |
| 650 | 4 | _aLITERATURA POPULAR | |
| 655 | _aLITERATURA | ||
| 700 | 1 |
_aIglesias Vicente, Mercedes _ecompilador |
|
| 800 | 1 |
_aAlbarrán, Antonio _edirector |
|
| 942 | _cBK | ||
| 998 | _cMARTIN | ||
| 999 |
_c11600 _d11600 |
||